Scottish Cities – Sudden Death - Statistics

General Stats
  • This quiz has been taken 406 times
  • The average score is 5 of 8
Answers on the Grid
Answers color-coded by a green-red scale on the quiz's grid according to % correct below.
Edinburgh
Glasgow
Perth
Aberdeen
Inverness
Stirling
Dunfermline
Dundee
Paisley
Cumbernauld
Ayr
Kilmarnock
Motherwell
Falkirk
Dumfries
 
Answer Stats
Answer % Correct
Edinburgh
85%
Glasgow
83%
Aberdeen
73%
Dundee
69%
Inverness
65%
Perth
57%
Stirling
57%
Dunfermline
31%
No matching quizzes found
Score Distribution
Percent of People with Each Score
Percentile by Number Answered
Your Score History
You have not taken this quiz